[Event "V4 OPEN - International Championship of Slovakia 2
[Site "Banska Stiavnica"]
[Date "2013.07.09"]
[Round "4"]
[Board "51"]
[White "Bakalar, Jan"]
[Black "Gallik, Dalibor"]
[Result "1-0"]
[WhiteElo "2042"]
[BlackElo "1755"]
[PlyCount "79"]
[EventDate "2013.07.06"]
[EventRounds "9"]
[EventCountry "SVK"]

1. g3 d5 2. Bg2 c6 3. Nf3 Nf6 4. O-O Bg4 5. Ne5 Bf5 6. d4 e6 7. Nd2 Nbd7 8. f4
Ng4 9. Nxg4 Bxg4 10. Qe1 Be7 11. e4 dxe4 12. Nxe4 Nf6 13. Nxf6+ Bxf6 14. c3 h5
15. f5 Qe7 16. fxe6 Bxe6 17. Qf2 h4 18. Bf4 hxg3 19. hxg3 O-O-O 20. d5 Bxd5 21.
Qxa7 Be5 22. Bxd5 cxd5 23. Qa8+ Kc7 24. Bxe5+ Qxe5 25. Rxf7+ Kd6 26. Qa3+ Kc6
27. Qa4+ b5 28. Qa6+ Kc5 29. Qa7+ Kc4 30. Rf4+ d4 31. Qf7+ Rd5 32. Rxd4+ Kc5
33. Rxd5+ Qxd5 34. Qxd5+ Kxd5 35. Rd1+ Ke4 36. Kg2 Ra8 37. a3 Ra7 38. Rd4+ Ke3
39. Rb4 Rb7 40. a4 1-0

[Event "V4 OPEN - International Championship of Slovakia 2
[Site "Banska Stiavnica"]
[Date "2013.07.09"]
[Round "4"]
[Board "52"]
[White "Sturc, Jan"]
[Black "Weis, Dusan"]
[Result "1-0"]
[WhiteElo "1999"]
[BlackElo "1754"]
[PlyCount "59"]
[EventDate "2013.07.06"]
[EventRounds "9"]
[EventCountry "SVK"]

1. e4 e5 2. Nf3 Nc6 3. Bb5 Nf6 4. O-O Nxe4 5. Re1 Nd6 6. Bxc6 dxc6 7. Nxe5 Be7
8. d4 O-O 9. Nd2 Be6 10. c3 Re8 11. b3 Bf6 12. Ndf3 h6 13. Bb2 Nf5 14. Qc2 Nh4
15. Nxh4 Bxh4 16. c4 Bf6 17. Rad1 Qc8 18. h3 Bf5 19. Qc3 h5 20. Qf3 h4 21. Re2
g5 22. Rde1 Rf8 23. g4 hxg3 24. fxg3 Kg7 25. Rf2 Bxe5 26. Rxe5 Bg6 27. Qf6+ Kg8
28. d5 Kh7 29. Rxg5 Rg8 30. Rg4 1-0

[Event "V4 OPEN - International Championship of Slovakia 2
[Site "Banska Stiavnica"]
[Date "2013.07.09"]
[Round "4"]
[Board "53"]
[White "Urbanic, Martin"]
[Black "Banduka, Zeljko"]
[Result "0-1"]
[WhiteElo "1912"]
[BlackElo "2168"]
[PlyCount "62"]
[EventDate "2013.07.06"]
[EventRounds "9"]
[EventCountry "SVK"]

1. e4 c5 2. Nf3 g6 3. d4 cxd4 4. Nxd4 Bg7 5. Nc3 Nc6 6. Be3 Nf6 7. Be2 O-O 8.
Qd2 d5 9. exd5 Nxd5 10. Nxd5 Qxd5 11. Bf3 Qc4 12. Be2 Qd5 13. Bf3 Qe5 14. Nxc6
bxc6 15. c3 Ba6 16. Be2 Rfd8 17. Qc2 Bxe2 18. Qxe2 Qe4 19. O-O Rd5 20. Rfd1 a5
21. Rd2 Rad8 22. Rxd5 Qxd5 23. h3 Be5 24. Bh6 f6 25. f4 Bd6 26. Rd1 Bc5+ 27.
Kh2 Qxd1 28. Qe6+ Kh8 29. Qf7 Bg1+ 30. Kg3 Qe1+ 31. Kg4 f5+ 0-1

[Event "V4 OPEN - International Championship of Slovakia 2
[Site "Banska Stiavnica"]
[Date "2013.07.09"]
[Round "4"]
[Board "54"]
[White "Pesztericz, Laszlo"]
[Black "Malinovsky, Jozef"]
[Result "1-0"]
[WhiteElo "2132"]
[BlackElo "1846"]
[PlyCount "61"]
[EventDate "2013.07.06"]
[EventRounds "9"]
[EventCountry "SVK"]

1. e4 c5 2. Nc3 Nc6 3. g3 d6 4. Bg2 Nf6 5. Nge2 g6 6. d3 Bg7 7. O-O O-O 8. h3
a6 9. Be3 e5 10. Qd2 Be6 11. f4 Ne8 12. f5 Bd7 13. Nd5 Ne7 14. f6 Nxd5 15. fxg7
Nxg7 16. exd5 f5 17. b4 b6 18. bxc5 bxc5 19. Rab1 Qc7 20. Kh2 Rfb8 21. Bh6 Qd8
22. Ng1 Rb5 23. c4 Rb6 24. Nf3 Rab8 25. Rxb6 Qxb6 26. Qg5 Qd8 27. Qxd8+ Rxd8
28. Rb1 Ne8 29. Ng5 a5 30. Rb7 Ba4 31. Rf7 1-0

[Event "V4 OPEN - International Championship of Slovakia 2
[Site "Banska Stiavnica"]
[Date "2013.07.09"]
[Round "4"]
[Board "55"]
[White "Goga, Frantisek"]
[Black "Sosovicka, Matej"]
[Result "0-1"]
[WhiteElo "1907"]
[BlackElo "2102"]
[PlyCount "76"]
[EventDate "2013.07.06"]
[EventRounds "9"]
[EventCountry "SVK"]

1. e4 e5 2. Nf3 Nc6 3. d4 exd4 4. Bc4 Nf6 5. e5 d5 6. Bb5 Ne4 7. Nxd4 Bd7 8.
Bxc6 bxc6 9. O-O Bc5 10. f3 Ng5 11. f4 Ne4 12. Be3 Bb6 13. Nd2 Nxd2 14. Qxd2 c5
15. Nb3 d4 16. Bf2 Bc6 17. c4 Qd7 18. Bh4 Qf5 19. Rae1 a5 20. Qe2 h5 21. Nc1
O-O 22. Bg5 Qg4 23. Qf2 f6 24. exf6 gxf6 25. Bh4 Kf7 26. g3 Rae8 27. Qe2 Kg7
28. Qd2 Rxe1 29. Qxe1 Re8 30. Qf2 Kf7 31. Nd3 Re2 32. h3 Rxf2 33. hxg4 Rg2+ 34.
Kh1 Rxb2+ 35. Kg1 Rg2+ 36. Kh1 Rxa2+ 37. Kg1 Rg2+ 38. Kh1 Rxg3+ 0-1

[Event "V4 OPEN - International Championship of Slovakia 2
[Site "Banska Stiavnica"]
[Date "2013.07.09"]
[Round "4"]
[Board "56"]
[White "Mulenko, Alexander"]
[Black "Simo, Marian"]
[Result "1/2-1/2"]
[WhiteElo "2098"]
[BlackElo "1844"]
[PlyCount "61"]
[EventDate "2013.07.06"]
[EventRounds "9"]
[EventCountry "SVK"]

1. g3 d5 2. c4 c6 3. Qc2 Nf6 4. Bg2 g6 5. d3 Bg7 6. Nf3 Nbd7 7. O-O O-O 8. b3
a6 9. Bb2 b5 10. cxd5 cxd5 11. Rc1 Bb7 12. Nbd2 Rc8 13. Qd1 Qb6 14. Bd4 Qd6 15.
Rxc8 Rxc8 16. Rc1 e5 17. Rxc8+ Bxc8 18. Qc2 Bb7 19. Bb2 d4 20. Ne4 Nxe4 21.
dxe4 Qc6 22. Qxc6 Bxc6 23. Ne1 a5 24. Nd3 Bf8 25. Bh3 f6 26. Be6+ Kg7 27. f3
Nc5 28. Nxc5 Bxc5 29. Kf1 a4 30. Ke1 axb3 31. Bxb3 1/2-1/2

[Event "V4 OPEN - International Championship of Slovakia 2
[Site "Banska Stiavnica"]
[Date "2013.07.09"]
[Round "4"]
[Board "57"]
[White "Cech, Dominik"]
[Black "Sahidi, Samir"]
[Result "1-0"]
[WhiteElo "2094"]
[BlackElo "1839"]
[PlyCount "117"]
[EventDate "2013.07.06"]
[EventRounds "9"]
[EventCountry "SVK"]

1. e4 c5 2. Nf3 d6 3. d4 cxd4 4. Nxd4 a6 5. Be2 e5 6. Nb3 Be6 7. Nc3 Be7 8. O-O
Nf6 9. f4 exf4 10. Rxf4 Nc6 11. Be3 O-O 12. Nd4 Nxd4 13. Bxd4 Qc7 14. Qe1 d5
15. e5 Nd7 16. Bd3 Nc5 17. Rf1 Nxd3 18. cxd3 Qd7 19. Qg3 Kh8 20. Rae1 Qd8 21.
Re2 b5 22. Nd1 a5 23. Ne3 Ra6 24. Nf5 Bxf5 25. Rxf5 Rg6 26. Qf3 f6 27. e6 Rg5
28. h4 Rxf5 29. Qxf5 Qd6 30. Rc2 Qg3 31. Bf2 Qe5 32. Qxe5 fxe5 33. Rc7 Re8 34.
Rb7 b4 35. Rb5 a4 36. Rxd5 Rd8 37. Rxd8+ Bxd8 38. Bc5 b3 39. axb3 axb3 40. e7
Bxe7 41. Bxe7 e4 42. dxe4 Kg8 43. Kf2 Kf7 44. Bc5 Ke6 45. Bd4 g6 46. Ke3 h6 47.
Kd3 g5 48. hxg5 hxg5 49. g4 Kd6 50. Kc4 Kc6 51. Kxb3 Kb5 52. Bf6 Kc6 53. Bxg5
Kb5 54. Bf6 Kc6 55. g5 Kd7 56. g6 Ke6 57. e5 Kf5 58. g7 Ke4 59. g8=Q 1-0

[Event "V4 OPEN - International Championship of Slovakia 2
[Site "Banska Stiavnica"]
[Date "2013.07.09"]
[Round "4"]
[Board "58"]
[White "Medvec, Miroslav"]
[Black "Popelka, Oldrich"]
[Result "0-1"]
[WhiteElo "1905"]
[BlackElo "2094"]
[PlyCount "92"]
[EventDate "2013.07.06"]
[EventRounds "9"]
[EventCountry "SVK"]

1. e4 c5 2. Nf3 e6 3. d4 cxd4 4. Nxd4 a6 5. Nc3 Qc7 6. Bd3 Nf6 7. O-O b5 8. Re1
d6 9. Bg5 Be7 10. Bxf6 Bxf6 11. Bxb5+ axb5 12. Ndxb5 Qc5 13. Qxd6 Qxd6 14.
Nxd6+ Ke7 15. e5 Bg5 16. Nce4 Bf4 17. Nc4 Nc6 18. Ned6 Ba6 19. c3 Bxe5 20. Nxe5
Nxe5 21. Rxe5 Kxd6 22. f4 Bb7 23. b3 Ra3 24. Rd1+ Ke7 25. Rc5 Rc8 26. Rxc8 Bxc8
27. Rd2 Bb7 28. Kf2 Be4 29. Rb2 Kd6 30. Ke3 Bc6 31. c4 Kc5 32. Kd3 Kb4 33. g3
Ra7 34. Kd4 f6 35. Kd3 Rd7+ 36. Kc2 Be4+ 37. Kc1 Rd3 38. Re2 Bf5 39. Kb2 Kc5
40. Rc2 Rd1 41. Rg2 Kd4 42. a3 Rb1+ 43. Ka2 h5 44. Re2 Rf1 45. Rd2+ Kc3 46. Re2
Bb1+ 0-1

[Event "V4 OPEN - International Championship of Slovakia 2
[Site "Banska Stiavnica"]
[Date "2013.07.09"]
[Round "4"]
[Board "59"]
[White "Pal, Csanad"]
[Black "Toma, Rudolf"]
[Result "1/2-1/2"]
[WhiteElo "1878"]
[BlackElo "2068"]
[PlyCount "122"]
[EventDate "2013.07.06"]
[EventRounds "9"]
[EventCountry "SVK"]

1. e4 c5 2. Nf3 Nc6 3. d4 cxd4 4. Nxd4 e5 5. Nb5 d6 6. c4 Be7 7. N1c3 a6 8. Na3
f5 9. exf5 Bxf5 10. Bd3 Be6 11. Qh5+ Bf7 12. Qg4 g6 13. Nc2 Nf6 14. Qe2 O-O 15.
O-O Qb6 16. Be3 Qc7 17. f4 exf4 18. Bxf4 Ne5 19. b3 b5 20. Ne3 Nxd3 21. Qxd3
bxc4 22. bxc4 Qc5 23. Kh1 Qa3 24. Rad1 Kg7 25. Qd4 Qc5 26. Bxd6 Qxd4 27. Rxd4
Bxd6 28. Rxd6 Bxc4 29. Nxc4 Ne4 30. Rd7+ Kg8 31. Re1 Nxc3 32. h3 Rf7 33. Rxf7
Kxf7 34. Nd6+ Kf6 35. Ne4+ Nxe4 36. Rxe4 Kf5 37. Ra4 a5 38. Kh2 Ra7 39. g4+ Ke5
40. Kg3 Kd5 41. Kh4 Kc5 42. Kg5 Kb5 43. Re4 a4 44. a3 Rf7 45. Re5+ Kc4 46. Re4+
Kb3 47. Re3+ Kb2 48. h4 Rb7 49. h5 gxh5 50. gxh5 Rb3 51. Re5 Rxa3 52. Kh6 Rg3
53. Kxh7 a3 54. Rb5+ Kc3 55. Ra5 Kb4 56. Ra8 Rg2 57. h6 a2 58. Kh8 Kb3 59. h7
Rg4 60. Ra3+ Kb2 61. Rxa2+ Kxa2 1/2-1/2

[Event "V4 OPEN - International Championship of Slovakia 2
[Site "Banska Stiavnica"]
[Date "2013.07.09"]
[Round "4"]
[Board "60"]
[White "Kotlowski, Tomasz"]
[Black "Jandl, Vojtech"]
[Result "1/2-1/2"]
[WhiteElo "2063"]
[BlackElo "1837"]
[PlyCount "86"]
[EventDate "2013.07.06"]
[EventRounds "9"]
[EventCountry "SVK"]

1. e4 c5 2. Nf3 d6 3. d4 cxd4 4. Nxd4 Nf6 5. f3 e5 6. Nb3 d5 7. Bg5 dxe4 8.
Qxd8+ Kxd8 9. fxe4 Bb4+ 10. N1d2 Bg4 11. h3 Bh5 12. g4 Bg6 13. O-O-O Ke7 14.
Bg2 Bxd2+ 15. Rxd2 Nc6 16. h4 h5 17. gxh5 Bxh5 18. Nc5 b6 19. Nd7 Bg4 20. Nxf6
gxf6 21. Bxf6+ Kxf6 22. Rd6+ Be6 23. Rxc6 Rac8 24. Rxc8 Rxc8 25. Kd2 Kg6 26.
Bf3 Rd8+ 27. Kc1 f5 28. Rg1+ Kf6 29. exf5 Bxf5 30. Rf1 Rd4 31. h5 Rf4 32. Be2
Rxf1+ 33. Bxf1 Bg4 34. h6 Kg6 35. Kd2 Kxh6 36. Ke3 Bf5 37. c4 Kg6 38. b4 Kf6
39. c5 bxc5 40. bxc5 Ke6 41. Bc4+ Kd7 42. Bd5 Kc7 43. Kf3 Kd7 1/2-1/2

[Event "V4 OPEN - International Championship of Slovakia 2
[Site "Banska Stiavnica"]
[Date "2013.07.09"]
[Round "4"]
[Board "61"]
[White "Edes, Zsofia"]
[Black "Laho, Lukas"]
[Result "1-0"]
[WhiteElo "2059"]
[BlackElo "1835"]
[PlyCount "71"]
[EventDate "2013.07.06"]
[EventRounds "9"]
[EventCountry "SVK"]

1. d4 d5 2. c4 e6 3. Nf3 Nf6 4. Bg5 c6 5. e3 Nbd7 6. Nc3 Qa5 7. Nd2 Bb4 8. Qc2
O-O 9. a3 Bxc3 10. bxc3 dxc4 11. Bxf6 Nxf6 12. Nxc4 Qc7 13. Bd3 c5 14. O-O cxd4
15. cxd4 b6 16. e4 h6 17. e5 Ne8 18. Rac1 Ba6 19. Qe2 Qd8 20. Qe4 g6 21. Rc3
Bxc4 22. Bxc4 Rc8 23. Rfc1 Ng7 24. g4 Qg5 25. R1c2 Rfd8 26. Kh1 h5 27. h3 hxg4
28. hxg4 Qh4+ 29. Kg2 Nf5 30. d5 exd5 31. Bxd5 Rxc3 32. Rxc3 Qg5 33. Rc7 Rxd5
34. Qxd5 Qxg4+ 35. Kf1 Qh3+ 36. Ke1 1-0

[Event "V4 OPEN - International Championship of Slovakia 2
[Site "Banska Stiavnica"]
[Date "2013.07.09"]
[Round "4"]
[Board "62"]
[White "Fiala, Jan"]
[Black "Nasuta, Andrzej"]
[Result "1-0"]
[WhiteElo "2055"]
[BlackElo "1818"]
[PlyCount "57"]
[EventDate "2013.07.06"]
[EventRounds "9"]
[EventCountry "SVK"]

1. d4 d5 2. c4 Nf6 3. cxd5 Nxd5 4. Nf3 e6 5. e4 Nf6 6. Nc3 Be7 7. h3 O-O 8. Be3
b6 9. Bd3 Bb7 10. Qc2 h6 11. O-O-O Ba6 12. Ne5 Bxd3 13. Rxd3 Qc8 14. Qe2 Rd8
15. Ng4 Kh7 16. Nxf6+ Bxf6 17. e5 Be7 18. Qh5 Rf8 19. g4 f5 20. exf6 Rxf6 21.
Bg5 Qf8 22. Bxf6 Bxf6 23. Ne4 Be7 24. Qe5 c5 25. Nxc5 Nc6 26. Qe4+ Kh8 27. Nxe6
Qe8 28. Kb1 Qd7 29. Rc1 1-0

[Event "V4 OPEN - International Championship of Slovakia 2
[Site "Banska Stiavnica"]
[Date "2013.07.09"]
[Round "4"]
[Board "63"]
[White "Lecky, Juraj"]
[Black "Jurcisin, Imrich"]
[Result "0-1"]
[WhiteElo "1826"]
[BlackElo "2046"]
[PlyCount "28"]
[EventDate "2013.07.06"]
[EventRounds "9"]
[EventCountry "SVK"]

1. e4 d5 2. exd5 Nf6 3. d4 Nxd5 4. c4 Nb4 5. Qa4+ N8c6 6. a3 Na6 7. d5 Nc5 8.
Qb5 b6 9. Bf4 e5 10. dxe6 Bb7 11. exf7+ Kxf7 12. Nf3 a6 13. Ng5+ Ke8 14. Ne6
Qe7 0-1

[Event "V4 OPEN - International Championship of Slovakia 2
[Site "Banska Stiavnica"]
[Date "2013.07.09"]
[Round "4"]
[Board "64"]
[White "Hladik, Lumir"]
[Black "Gonda, Jozef"]
[Result "1-0"]
[WhiteElo "2045"]
[BlackElo "1808"]
[PlyCount "117"]
[EventDate "2013.07.06"]
[EventRounds "9"]
[EventCountry "SVK"]

1. e4 c5 2. Nf3 Nc6 3. d4 cxd4 4. Nxd4 d6 5. c4 g6 6. Nc3 Bg7 7. Be3 Nf6 8. Be2
O-O 9. O-O Bd7 10. Rc1 a6 11. h3 Rc8 12. Qd2 Nxd4 13. Bxd4 Bc6 14. Bd3 Nd7 15.
Bxg7 Kxg7 16. f4 Nc5 17. Bb1 Na4 18. Kh2 Nxc3 19. Rxc3 f6 20. Rg3 Be8 21. b3
Rc5 22. e5 Qc7 23. exd6 Qxd6 24. Qxd6 exd6 25. Rd1 b5 26. cxb5 Bxb5 27. a4 Bc6
28. Re3 d5 29. Ree1 Rf7 30. Rc1 Rxc1 31. Rxc1 Bb7 32. Kg3 Re7 33. Kf2 Kf7 34.
g3 h6 35. Bd3 f5 36. h4 Kf6 37. b4 g5 38. hxg5+ hxg5 39. Rc5 gxf4 40. gxf4 Ke6
41. a5 Rh7 42. Bxa6 Kd6 43. Rb5 Bc6 44. Rb6 Kc7 45. b5 Ba8 46. Rf6 d4 47. b6+
Kd7 48. b7 Bxb7 49. Bxb7 Rh2+ 50. Ke1 Kc7 51. a6 d3 52. Rxf5 Kb6 53. Rf6+ Ka7
54. Kd1 Ra2 55. Be4 d2 56. Bc2 Ra5 57. Kxd2 Rd5+ 58. Bd3 Rd7 59. Re6 1-0

[Event "V4 OPEN - International Championship of Slovakia 2
[Site "Banska Stiavnica"]
[Date "2013.07.09"]
[Round "4"]
[Board "65"]
[White "Horak, Miroslav"]
[Black "Laho, Maros"]
[Result "1/2-1/2"]
[WhiteElo "1823"]
[BlackElo "2029"]
[PlyCount "83"]
[EventDate "2013.07.06"]
[EventRounds "9"]
[EventCountry "SVK"]

1. e4 e6 2. d4 d5 3. Nd2 Nf6 4. e5 Nfd7 5. f4 c5 6. Ndf3 Nc6 7. c3 a6 8. Bd3 b5
9. a3 c4 10. Bc2 Nb6 11. Nh3 Be7 12. Nfg5 h5 13. O-O g6 14. Qf3 a5 15. Qg3 Bxg5
16. fxg5 Ne7 17. Nf4 Ra7 18. Rf3 Nf5 19. Qf2 Kf8 20. Rh3 Kg8 21. Bd2 Na8 22.
Rf1 Nc7 23. g4 Qxg5 24. Bd1 hxg4 25. Rxh8+ Kxh8 26. Nh3 Qh4 27. Qxh4+ Nxh4 28.
Rxf7 gxh3 29. Bg5 Nf5 30. Rf8+ Kg7 31. Rxc8 Kf7 32. Bg4 b4 33. Bxh3 bxa3 34.
bxa3 Nb5 35. Rh8 Ra6 36. Rh7+ Kg8 37. Rd7 Nxc3 38. Rd8+ Kf7 39. Rd7+ Kg8 40.
Rd8+ Kf7 41. Rd7+ Kf8 42. Rd8+ 1/2-1/2

[Event "V4 OPEN - International Championship of Slovakia 2
[Site "Banska Stiavnica"]
[Date "2013.07.09"]
[Round "4"]
[Board "66"]
[White "Karas, Marek"]
[Black "Diviak, Rudolf"]
[Result "1-0"]
[WhiteElo "2017"]
[BlackElo "1799"]
[PlyCount "65"]
[EventDate "2013.07.06"]
[EventRounds "9"]
[EventCountry "SVK"]

1. e4 d6 2. d4 g6 3. Nc3 Bg7 4. Be2 Nf6 5. g4 c6 6. g5 Ng8 7. Be3 h6 8. gxh6
Bxh6 9. f4 e5 10. dxe5 dxe5 11. Qxd8+ Kxd8 12. O-O-O+ Kc7 13. Rf1 Be6 14. Nf3
Bxf4 15. Bxf4 exf4 16. Ng5 Rh4 17. Nf3 Rh8 18. h4 Nf6 19. Ng5 Nh5 20. Bxh5 Rxh5
21. Rxf4 Nd7 22. Ne2 Rah8 23. Ng3 R5h6 24. Nxf7 Bxf7 25. Rxf7 R8h7 26. Rxh7
Rxh7 27. Kd2 Kd6 28. Ke3 Ke5 29. Ne2 g5 30. Nd4 g4 31. c3 Nf6 32. Rf1 Rxh4 33.
Rf5+ 1-0

[Event "V4 OPEN - International Championship of Slovakia 2
[Site "Banska Stiavnica"]
[Date "2013.07.09"]
[Round "4"]
[Board "67"]
[White "Feldvabl, Vilem"]
[Black "Mandak, Miroslav"]
[Result "0-1"]
[WhiteElo "1794"]
[BlackElo "1996"]
[PlyCount "102"]
[EventDate "2013.07.06"]
[EventRounds "9"]
[EventCountry "SVK"]

1. d4 Nf6 2. Nf3 g6 3. Bg5 Bg7 4. e3 d5 5. h3 O-O 6. Bd3 c5 7. dxc5 Qa5+ 8. c3
Qxc5 9. Nbd2 Nbd7 10. O-O e5 11. Nb3 Qc7 12. Be2 Nb6 13. Nbd2 Bd7 14. Rc1 Na4
15. Qb3 Nc5 16. Qa3 Nce4 17. Bxf6 Nxf6 18. c4 Bc6 19. cxd5 Nxd5 20. Bb5 Ne7 21.
Bxc6 Nxc6 22. Rfd1 Rfd8 23. Ne4 Rxd1+ 24. Rxd1 Rd8 25. Qb3 Rxd1+ 26. Qxd1 Qe7
27. Qd6 Bf8 28. Nf6+ Kg7 29. Qxe7 Bxe7 30. Nd5 Bd6 31. e4 f6 32. Nd2 b5 33. f3
Kf7 34. a3 Ke6 35. g3 a5 36. Kg2 Nd4 37. Nb6 f5 38. h4 a4 39. Nd5 Bf8 40. Nb1
fxe4 41. fxe4 Bh6 42. Nbc3 Bc1 43. Nc7+ Kd6 44. N7xb5+ Nxb5 45. Nxb5+ Kc6 46.
Nc3 Bxb2 47. Nb1 Kc5 48. Kf3 Kc4 49. Kg4 Bc1 50. h5 Kb3 51. hxg6 hxg6 0-1

[Event "V4 OPEN - International Championship of Slovakia 2
[Site "Banska Stiavnica"]
[Date "2013.07.09"]
[Round "4"]
[Board "68"]
[White "Hipszki, Julius"]
[Black "Nemergut, Patrik"]
[Result "1/2-1/2"]
[WhiteElo "1776"]
[BlackElo "1976"]
[PlyCount "35"]
[EventDate "2013.07.06"]
[EventRounds "9"]
[EventCountry "SVK"]

1. e4 e5 2. Nf3 Nc6 3. Bc4 Bc5 4. c3 Nf6 5. d4 exd4 6. cxd4 Bb4+ 7. Bd2 Bxd2+
8. Nbxd2 d6 9. O-O O-O 10. h3 d5 11. exd5 Nxd5 12. Bxd5 Qxd5 13. Qb3 Rd8 14.
Rfe1 Qxb3 15. Nxb3 Bf5 16. a3 a5 17. Rac1 f6 18. Rc5 1/2-1/2

[Event "V4 OPEN - International Championship of Slovakia 2
[Site "Banska Stiavnica"]
[Date "2013.07.09"]
[Round "4"]
[Board "69"]
[White "Lovas, Miklos"]
[Black "Paulicka, Ivan"]
[Result "1-0"]
[WhiteElo "1975"]
[BlackElo "1775"]
[PlyCount "77"]
[EventDate "2013.07.06"]
[EventRounds "9"]
[EventCountry "SVK"]

1. e4 e5 2. Nf3 Nc6 3. Bc4 Bc5 4. b4 Bxb4 5. c3 Be7 6. Qb3 Nh6 7. d4 Na5 8. Qa4
Nxc4 9. Qxc4 exd4 10. Bxh6 gxh6 11. Qxd4 Rg8 12. O-O d6 13. Kh1 Be6 14. Qb4 b6
15. Nbd2 Qd7 16. a4 a5 17. Qd4 O-O-O 18. Qd3 Kb7 19. Nd4 Bg4 20. f3 Bh5 21. Nf5
d5 22. Nb3 dxe4 23. Qxe4+ c6 24. Qxe7 Qxe7 25. Nxe7 Rg5 26. g4 Re5 27. Rfe1
Rxe1+ 28. Rxe1 Bg6 29. Nxg6 hxg6 30. Re7+ Ka6 31. Nd4 Rd6 32. Rc7 b5 33. Rxc6+
Rxc6 34. axb5+ Kb6 35. bxc6 a4 36. Kg2 a3 37. Nc2 a2 38. Kf2 Kxc6 39. Nb4+ 1-0

[Event "V4 OPEN - International Championship of Slovakia 2
[Site "Banska Stiavnica"]
[Date "2013.07.09"]
[Round "4"]
[Board "70"]
[White "Vitek, Matej"]
[Black "Gombar, Peter"]
[Result "0-1"]
[WhiteElo "1771"]
[BlackElo "1964"]
[PlyCount "52"]
[EventDate "2013.07.06"]
[EventRounds "9"]
[EventCountry "SVK"]

1. d4 Nf6 2. Nf3 d5 3. e3 Bf5 4. c4 c6 5. Nc3 e6 6. Qb3 Qb6 7. c5 Qc7 8. Be2
Nbd7 9. Bd2 Be7 10. Nh4 Bg4 11. Qd1 Bxe2 12. Qxe2 O-O 13. f4 Ne4 14. Nf3 Ndf6
15. O-O Nxc3 16. bxc3 Ne4 17. Qd3 b6 18. cxb6 axb6 19. Be1 Ra3 20. Ng5 Bxg5 21.
fxg5 Nxg5 22. Bg3 Qd7 23. Bf4 Ne4 24. Rfc1 Rfa8 25. Rc2 b5 26. h3 b4 0-1

[Event "V4 OPEN - International Championship of Slovakia 2
[Site "Banska Stiavnica"]
[Date "2013.07.09"]
[Round "4"]
[Board "71"]
[White "Bango, Dominik"]
[Black "Topolovsky, Vincent"]
[Result "0-1"]
[WhiteElo "1337"]
[BlackElo "1952"]
[PlyCount "90"]
[EventDate "2013.07.06"]
[EventRounds "9"]
[EventCountry "SVK"]

1. b4 Nf6 2. Bb2 d6 3. c4 e5 4. a3 a5 5. d3 Be6 6. Nf3 Be7 7. b5 Nbd7 8. g3 c6
9. a4 O-O 10. Bg2 Qc7 11. O-O d5 12. cxd5 Nxd5 13. Nc3 Nb4 14. Rc1 Qb6 15. Ne4
f6 16. bxc6 Nxc6 17. Ba1 Bb3 18. Qd2 Nb4 19. d4 Rfd8 20. e3 Bxa4 21. Qe1 Nd3
22. Rb1 Nxe1 23. Rxb6 Nxf3+ 24. Bxf3 Nxb6 25. dxe5 fxe5 26. Bxe5 Nc4 27. Bd4
Bc6 28. Bg4 Bxe4 29. Be6+ Kf8 30. Bxc4 Rdc8 31. Be6 b5 32. f3 Bd3 33. Rd1 Bc4
34. Bxc8 Rxc8 35. Ra1 a4 36. Bb2 Bb3 37. f4 Rc2 38. Bd4 b4 39. f5 a3 40. e4 Bc4
41. e5 b3 42. f6 gxf6 43. exf6 Bb4 44. Be5 b2 45. Bxb2 axb2 0-1

[Event "V4 OPEN - International Championship of Slovakia 2
[Site "Banska Stiavnica"]
[Date "2013.07.09"]
[Round "4"]
[Board "72"]
[White "Stanko, Ivan"]
[Black "Pipiska, Adam"]
[Result "1-0"]
[WhiteElo "1949"]
[BlackElo "1676"]
[PlyCount "103"]
[EventDate "2013.07.06"]
[EventRounds "9"]
[EventCountry "SVK"]

1. e4 e5 2. Nf3 Nc6 3. d4 exd4 4. Nxd4 Bc5 5. Be3 Qf6 6. c3 Nge7 7. Bc4 Qg6 8.
O-O O-O 9. Nd2 Rd8 10. Nxc6 Qxc6 11. Bxf7+ Kh8 12. Bxc5 Qxc5 13. Qe2 Rf8 14.
Bb3 Ng6 15. Qe3 Qxe3 16. fxe3 b6 17. Rxf8+ Nxf8 18. Rf1 Bb7 19. Rf7 h6 20. Bd5
Bxd5 21. exd5 Re8 22. Kf2 Kg8 23. Rf4 Ng6 24. Re4 Rxe4 25. Nxe4 Ne5 26. Ke2 Kf7
27. Nd2 Ke7 28. e4 Kf6 29. Ke3 Ng4+ 30. Kf4 Ne5 31. b3 h5 32. h3 d6 33. Ke3 Kg5
34. Nf3+ Kf6 35. Nxe5 dxe5 36. h4 g6 37. Kd3 g5 38. g3 gxh4 39. gxh4 Ke7 40.
Kc4 a6 41. a4 Kd7 42. Kb4 Kd6 43. a5 Kd7 44. c4 Kd6 45. Ka4 Kc5 46. b4+ Kd6 47.
b5 axb5+ 48. Kxb5 bxa5 49. Kxa5 Kc5 50. Ka6 c6 51. Kb7 cxd5 52. cxd5 1-0

[Event "V4 OPEN - International Championship of Slovakia 2
[Site "Banska Stiavnica"]
[Date "2013.07.09"]
[Round "4"]
[Board "73"]
[White "Jablonicky, Martin"]
[Black "Majsniar, Jan"]
[Result "1-0"]
[WhiteElo "1933"]
[BlackElo "1309"]
[PlyCount "59"]
[EventDate "2013.07.06"]
[EventRounds "9"]
[EventCountry "SVK"]

1. b4 d5 2. Bb2 a6 3. g3 Nc6 4. a3 e5 5. Bg2 Nf6 6. c4 Be7 7. Qc2 O-O 8. d3 Be6
9. Nd2 Qd7 10. Ngf3 d4 11. b5 axb5 12. cxb5 Na7 13. Nxe5 Qxb5 14. Nec4 c5 15.
a4 Qd7 16. Nb6 Qc7 17. Nxa8 Rxa8 18. O-O Bd5 19. Bxd5 Nxd5 20. Rfc1 Nc6 21. Nb3
Ncb4 22. Qd2 h6 23. Nxd4 Bg5 24. f4 Bf6 25. e4 Qb6 26. exd5 Bxd4+ 27. Bxd4 cxd4
28. Rcb1 Qa5 29. Qxb4 Qxd5 30. Qxb7 1-0

[Event "V4 OPEN - International Championship of Slovakia 2
[Site "Banska Stiavnica"]
[Date "2013.07.09"]
[Round "4"]
[Board "74"]
[White "Karas, Juraj"]
[Black "Rabovszky, Gyorgy"]
[Result "0-1"]
[WhiteElo "1732"]
[BlackElo "1923"]
[PlyCount "66"]
[EventDate "2013.07.06"]
[EventRounds "9"]
[EventCountry "SVK"]

1. e4 c5 2. Nf3 Nc6 3. Bb5 g6 4. O-O Bg7 5. c3 d6 6. d3 Bg4 7. Nbd2 a6 8. Bxc6+
bxc6 9. Qa4 Bd7 10. Re1 e6 11. Nc4 Qc7 12. Bf4 e5 13. Bg3 Ne7 14. d4 cxd4 15.
cxd4 c5 16. Qa3 Bb5 17. dxc5 dxc5 18. Ncxe5 Qa7 19. Rac1 Rc8 20. Nc4 O-O 21.
Nd6 Rb8 22. Rxc5 Bxb2 23. Qe3 Qd7 24. Nxb5 Rxb5 25. Rxb5 axb5 26. e5 b4 27. Qb3
Bc3 28. Rd1 Qe6 29. Bf4 Ra8 30. Bd2 Rxa2 31. Qxe6 fxe6 32. Bxc3 bxc3 33. Nd4
Rd2 0-1

[Event "V4 OPEN - International Championship of Slovakia 2
[Site "Banska Stiavnica"]
[Date "2013.07.09"]
[Round "4"]
[Board "75"]
[White "Giertli, Vladimir"]
[Black "Laho, Matus"]
[Result "1-0"]
[WhiteElo "2093"]
[BlackElo "1221"]
[PlyCount "67"]
[EventDate "2013.07.06"]
[EventRounds "9"]
[EventCountry "SVK"]

1. e4 e6 2. d3 d5 3. c3 c5 4. Qc2 Nc6 5. Nf3 Nge7 6. Be2 b6 7. Bg5 f6 8. Bh4
Ng6 9. Bg3 Bd6 10. Nbd2 Bb7 11. Nf1 Qe7 12. Ne3 Nf4 13. Bxf4 Bxf4 14. exd5 Bxe3
15. dxc6 Bxf2+ 16. Kxf2 Bxc6 17. Rad1 O-O 18. Rhe1 Rad8 19. d4 Kh8 20. Rd2 e5
21. Bd3 Bxf3 22. gxf3 cxd4 23. Bxh7 Qc5 24. cxd4 Qxc2 25. Bxc2 Rd7 26. Bf5 Rd6
27. d5 g6 28. Bxg6 f5 29. Rg1 Rff6 30. Be8 e4 31. h4 exf3 32. Kxf3 Rd8 33. Ba4
Rh6 34. Rd4 1-0